Volk in smart. (Record no. 3040)
[ view plain ]
| 000 -LEADER | |
|---|---|
| fixed length control field | 00690cam a22002411 4500 |
| 001 - CONTROL NUMBER | |
| control field | af 47005291 |
| 003 - CONTROL NUMBER IDENTIFIER | |
| control field | DLC |
| 005 - DATE AND TIME OF LATEST TRANSACTION | |
| control field | 20260227110831.0 |
| 008 - FIXED-LENGTH DATA ELEMENTS--GENERAL INFORMATION | |
| fixed length control field | 890617s1945 ne 000 0 dut c |
| 010 ## - LIBRARY OF CONGRESS CONTROL NUMBER | |
| LC control number | af 47005291 |
| 035 ## - SYSTEM CONTROL NUMBER | |
| System control number | (OCoLC)19884962 |
| 040 ## - CATALOGING SOURCE | |
| Original cataloging agency | California. Univ. Libr. |
| Transcribing agency | CU |
| Modifying agency | DLC |
| 042 ## - AUTHENTICATION CODE | |
| Authentication code | premarc |
| 050 00 - LIBRARY OF CONGRESS CALL NUMBER | |
| Classification number | PT5880.W483 |
| Item number | V6 |
| 082 ## - DEWEY DECIMAL CLASSIFICATION NUMBER | |
| Classification number | 839.3115 |
| 100 1# - MAIN ENTRY--PERSONAL NAME | |
| Personal name | Wessem, Maria van. |
| 245 10 - TITLE STATEMENT | |
| Title | Volk in smart. |
| 260 ## - PUBLICATION, DISTRIBUTION, ETC. | |
| Place of publication, distribution, etc. | Maastricht, |
| Name of publisher, distributor, etc. | Uitgeversmaatschappij "Novaria" |
| Date of publication, distribution, etc. | [1945] |
| 300 ## - PHYSICAL DESCRIPTION | |
| Extent | 130 p., 1 l. |
| Dimensions | 23 cm. |
| 500 ## - GENERAL NOTE | |
| General note | Author's pseud., Mary van Rotterdam, at head of title. |
| 500 ## - GENERAL NOTE | |
| General note | Poems, 1939-1944. |
| 650 #0 - SUBJECT ADDED ENTRY--TOPICAL TERM | |
| Topical term or geographic name entry element | World War, 1939-1945 |
| Form subdivision | Poetry. |
No items available.